Loading...
| Ancient History and Archaeology | 3 | 13.33 | 267% | 67% | 67% |
| Beliefs | 13 | 15.38 | 215% | 92% | 108% |
| British and Commonwealth History | 2 | 15.00 | 400% | 0% | 100% |
| Fine Arts - Auditory | 6 | 16.67 | 200% | 100% | 133% |
| Fine Arts - Visual | 6 | 18.33 | 133% | 167% | 133% |
| Geography | 1 | 20.00 | 400% | 200% | 0% |
| History - American | 7 | 14.29 | 286% | 114% | 29% |
| History - European | 6 | 15.00 | 267% | 100% | 67% |
| History - World | 5 | 14.00 | 320% | 120% | 0% |
| Literature - American | 6 | 15.00 | 133% | 100% | 133% |
| Literature - British | 7 | 14.29 | 171% | 86% | 114% |
| Literature - European | 5 | 20.00 | 160% | 120% | 200% |
| Other Academic | 3 | 16.67 | 0% | 133% | 200% |
| Other Arts: Auditory | 2 | 15.00 | 400% | 100% | 0% |
| Other Arts: Visual | 1 | 10.00 | 0% | 0% | 200% |
| Other Science: Computer Science | 2 | 15.00 | 200% | 200% | 0% |
| Other Science: Earth Science | 2 | 15.00 | 200% | 200% | 0% |
| Other Science: Math | 3 | 13.33 | 0% | 133% | 133% |
| Philosophy | 6 | 16.67 | 267% | 67% | 133% |
| Science - Biology | 6 | 16.67 | 200% | 100% | 133% |
| Science - Chemistry | 7 | 14.29 | 171% | 114% | 86% |
| Science - Physics | 5 | 12.00 | 80% | 80% | 120% |
| Social Science | 6 | 13.33 | 133% | 67% | 133% |
| World and Other Literature | 7 | 17.14 | 286% | 57% | 143% |